| 000 | 01184nam a2200193Ia 4500 | ||
|---|---|---|---|
| 999 |
_c8090 _d8090 |
||
| 005 | 20230508182806.0 | ||
| 008 | 230506s9999 xx 000 0 und d | ||
| 040 |
_aUPAN _cBiblioteca San Vicente _eRCAA2 |
||
| 041 | _aspa | ||
| 082 |
_a345.057 284 _bQu566t |
||
| 100 |
_aQuiñones Vargas, Hector _4aut. |
||
| 245 | 0 |
_aLas técnicas de litigación oral en el proceso penal/ _bHèctor Quiñones Vargas |
|
| 250 | _a1ª ed. | ||
| 260 |
_aEl Salvador: _bMaya, _c2003 |
||
| 300 |
_a300 p.: _c22 cm. |
||
| 505 | _aPrimera parte. Reflexiones sobre el proceso penal salvadoreño y su sistema oral Capitulo I. Principios del proceso penal y los actos procesales Capitulo II. La actividad probatoria Capitulo III. Etapas iniciales del proceso Capitulo IV. El rol de los participantes en el proceso Capitulo V. Factores externos que influyen en el proceso Capitulo VI. El abogado litigante Capitulo VII. El interrogatorio directo Capitulo VIII. Las objeciones Capitulo IX. El contra interrogatorio Capitulo X. La refutaciòn de testigos Capitulo XI. El alegato de clausura Capitulo XII. Principios èticos de la profesiòn | ||
| 650 |
_2LEMB _aProcedimiento Penal |
||
| 942 |
_cBK _2ddc |
||